The effective leader / (Record no. 3450)
[ view plain ]
| 000 -LEADER | |
|---|---|
| fixed length control field | 00614cam a22002177a 4500 |
| 001 - CONTROL NUMBER | |
| control field | 3809542 |
| 003 - CONTROL NUMBER IDENTIFIER | |
| control field | GBCCL |
| 005 - DATE AND TIME OF LATEST TRANSACTION | |
| control field | 20241126110455.0 |
| 008 - FIXED-LENGTH DATA ELEMENTS--GENERAL INFORMATION | |
| fixed length control field | 950502s1995 enkd 000|0 eng d |
| 020 ## - INTERNATIONAL STANDARD BOOK NUMBER | |
| International Standard Book Number | 0854763546 |
| 035 ## - SYSTEM CONTROL NUMBER | |
| System control number | (OCoLC)ocn686366999 |
| 035 ## - SYSTEM CONTROL NUMBER | |
| System control number | 3809542 |
| 040 ## - CATALOGING SOURCE | |
| Original cataloging agency | CtY-D |
| Transcribing agency | CtY-D |
| 082 ## - DEWEY DECIMAL CLASSIFICATION NUMBER | |
| Classification number | 262.1 |
| Item number | DUN |
| 100 1# - MAIN ENTRY--PERSONAL NAME | |
| Personal name | Dunn, James D. G., |
| Dates associated with a name | 1939- |
| 9 (RLIN) | 207 |
| 245 14 - TITLE STATEMENT | |
| Title | The effective leader / |
| Statement of responsibility, etc. | James Dunn. |
| 260 ## - PUBLICATION, DISTRIBUTION, ETC. | |
| Place of publication, distribution, etc. | East Sussex : |
| Name of publisher, distributor, etc. | Kingsway Publications, |
| Date of publication, distribution, etc. | c1995. |
| 300 ## - PHYSICAL DESCRIPTION | |
| Extent | 219 p. : |
| Other physical details | ill. ; |
| Dimensions | 20 cm. |
| 650 #0 - SUBJECT ADDED ENTRY--TOPICAL TERM | |
| Topical term or geographic name entry element | Christian leadership |
| Form subdivision | Handbooks, manuals, etc. |
| 9 (RLIN) | 6990 |
| 942 ## - ADDED ENTRY ELEMENTS (KOHA) | |
| Source of classification or shelving scheme | Dewey Decimal Classification |
| Koha item type | Books |
| Koha issues (borrowed), all copies | 3 |
| Withdrawn status | Lost status | Source of classification or shelving scheme | Damaged status | Not for loan | Home library | Current Library | Shelving location | Date acquired | Total checkouts | Full call number | Barcode | Date last seen | Date last checked out | Copy number | Price effective from | Koha item type |
|---|---|---|---|---|---|---|---|---|---|---|---|---|---|---|---|---|
| Dewey Decimal Classification | GRACE BIBLE COLLEGE | GRACE BIBLE COLLEGE | Ministry & Mission | 2017-11-28 | 3 | 262.1 DUN | 004732 | 2025-05-01 | 2020-11-17 | c.1 | 2017-11-28 | Books |